000 00728nam a2200193Ii 4500
003 JO-AjNU
008 230605s9999||||xx |||||||||||||| ||und||
040 _aJO-AjNU
_bara
_erda
_cJO-AjNU
041 _aara
050 1 4 _aDS154.53.Z3 2009
100 3 _aظبيان، تيسير؛ مراجعة وتنقيح قطناني، نايف,
_eauthor
_947824
245 0 0 _aالملك عبدالله كما عرفتة
264 3 1 _aد.م: د.ن، 2009
300 _a410ص
_b صور توضيحية
336 _atext
_btxt
_2rdacontent
337 _aunmediated
_bn
_2rdamedia
338 _avolume
_bnc
_2rdacarrier
650 4 _aالهاشميون - الملك عبدالله بن الحسين المؤسس- - تاريخ الاردن
_947825
999 _aA20904
_c24472
_d24472